[Event "2. Bundesliga Ost 2015/2016"]
[Site "Wien"]
[Date "2015.10.17"]
[Round "1"]
[Board "1"]
[White "Szabo, Krisztian"]
[Black "Polak, Tomas"]
[Result "1/2-1/2"]
[WhiteElo "2513"]
[BlackElo "2525"]
[PlyCount "69"]
[EventDate "2015.10.17"]
[EventType "team"]
[EventRounds "11"]
[EventCountry "AUT"]
[WhiteTeam "ASVOE Mattersburg"]
[BlackTeam "SK Hietzing"]

1. e4 c5 2. Nf3 Nc6 3. d4 cxd4 4. Nxd4 g6 5. c4 Nf6 6. Nc3 d6 7. Be2 Nxd4 8.
Qxd4 Bg7 9. Be3 O-O 10. Qd2 Qa5 11. Rc1 Be6 12. f3 Rfc8 13. b3 a6 14. Na4 Qxd2+
15. Kxd2 Nd7 16. g4 f5 17. exf5 gxf5 18. h3 Rc7 19. Rhg1 Rf8 20. f4 Kh8 21. Nc3
Nc5 22. Bf3 a5 23. Nd5 Rd7 24. Ke2 Na6 25. Bd2 Bxd5 26. cxd5 Nc5 27. gxf5 b6
28. Ke3 Rdd8 29. Be4 Rc8 30. Bb1 Bb2 31. Rc4 Bf6 32. Kf3 Ra8 33. Be3 Rg8 34.
Rg4 Rgc8 35. Rg2 1/2-1/2

[Event "2. Bundesliga Ost 2015/2016"]
[Site "Wien"]
[Date "2015.10.17"]
[Round "1"]
[Board "2"]
[White "Vyskocil, Neklan"]
[Black "Petran, Peter"]
[Result "1/2-1/2"]
[WhiteElo "2364"]
[BlackElo "2360"]
[PlyCount "82"]
[EventDate "2015.10.17"]
[EventType "team"]
[EventRounds "11"]
[EventCountry "AUT"]
[WhiteTeam "SK Hietzing"]
[BlackTeam "ASVOE Mattersburg"]

1. d4 g6 2. c4 Bg7 3. Nc3 c5 4. e3 Nf6 5. Nf3 O-O 6. Be2 cxd4 7. exd4 d5 8. c5
Nc6 9. O-O b6 10. cxb6 Qxb6 11. Na4 Qc7 12. h3 a5 13. Be3 Ba6 14. Bxa6 Rxa6 15.
Rc1 Ne4 16. Nd2 Nxd2 17. Qxd2 Rc8 18. Rc2 Qd8 19. Rfc1 Na7 20. Rxc8 Nxc8 21.
Qd3 Ra8 22. Rc6 e6 23. Ra6 Nd6 24. Nc5 h6 25. Rxa8 Qxa8 26. a4 g5 27. Qc3 Ne4
28. Nxe4 dxe4 29. b4 axb4 30. Qxb4 Bf8 31. Qb5 Bd6 32. a5 Qd5 33. Qxd5 exd5 34.
a6 Bb8 35. h4 f6 36. f4 gxh4 37. Kh2 Kf7 38. Kh3 Kg6 39. Kxh4 f5 40. Bd2 Ba7
41. Bc3 Bb6 1/2-1/2

[Event "2. Bundesliga Ost 2015/2016"]
[Site "Wien"]
[Date "2015.10.17"]
[Round "1"]
[Board "3"]
[White "Brod, Manfred"]
[Black "Penz, Harald"]
[Result "1/2-1/2"]
[WhiteElo "2259"]
[BlackElo "2329"]
[PlyCount "118"]
[EventDate "2015.10.17"]
[EventType "team"]
[EventRounds "11"]
[EventCountry "AUT"]
[WhiteTeam "ASVOE Mattersburg"]
[BlackTeam "SK Hietzing"]

1. e4 e5 2. Nf3 Nf6 3. d4 Nxe4 4. dxe5 d5 5. Nbd2 Be7 6. Nxe4 dxe4 7. Qxd8+
Bxd8 8. Nd4 O-O 9. Bc4 c5 10. Nb5 Nc6 11. Bf4 Be6 12. Bxe6 fxe6 13. Bg3 Nd4 14.
Na3 Bc7 15. c3 Nf5 16. Nc4 Rad8 17. Ke2 Nxg3+ 18. hxg3 Rd5 19. Rh4 Rfd8 20. a4
a6 21. a5 e3 22. Kxe3 Bxe5 23. Re4 Bc7 24. Rxe6 Kf7 25. Re4 Rd1 26. Rxd1 Rxd1
27. Rh4 Kg6 28. g4 Re1+ 29. Kf3 Ra1 30. Rh5 Bxa5 31. Rxc5 Bd8 32. Ne5+ Kf6 33.
Nd3 h6 34. Rf5+ Kg6 35. Ne5+ Kh7 36. Rf7 b5 37. Ra7 Bb6 38. Ra8 Bc5 39. Nd3 Bd6
40. Rd8 Be7 41. Rd7 Bf8 42. Nf4 Kg8 43. Ne6 Re1 44. Nc7 Rb1 45. b4 Rb3 46. Nd5
a5 47. bxa5 Ra3 48. Ke4 Rxa5 49. Rb7 Ra2 50. f4 Rxg2 51. Kf5 g6+ 52. Kxg6 Rxg4+
53. Kf5 Rg7 54. Nf6+ Kh8 55. Rb8 Rf7 56. Kg6 Rg7+ 57. Kf5 Rf7 58. Kg6 Rg7+ 59.
Kf5 Rf7 1/2-1/2

[Event "2. Bundesliga Ost 2015/2016"]
[Site "Wien"]
[Date "2015.10.17"]
[Round "1"]
[Board "4"]
[White "Todor, Razvan"]
[Black "Wiedner, Robert"]
[Result "1/2-1/2"]
[WhiteElo "2153"]
[BlackElo "2197"]
[PlyCount "73"]
[EventDate "2015.10.17"]
[EventType "team"]
[EventRounds "11"]
[EventCountry "AUT"]
[WhiteTeam "SK Hietzing"]
[BlackTeam "ASVOE Mattersburg"]

1. c4 e5 2. g3 Nc6 3. Bg2 g6 4. Nc3 Bg7 5. d3 Nge7 6. e4 Nd4 7. Nge2 Nec6 8.
Nxd4 Nxd4 9. O-O d6 10. Be3 Be6 11. f4 Qd7 12. Qd2 c6 13. Rab1 h5 14. fxe5 dxe5
15. Bg5 Bg4 16. b4 a6 17. Na4 Rb8 18. Nc5 Qd6 19. h3 Bc8 20. Rf2 f6 21. Be3 a5
22. a3 axb4 23. axb4 Ra8 24. Qd1 O-O 25. Nb3 Nxb3 26. Qxb3 Be6 27. Bc5 Qd7 28.
Kh2 Rfd8 29. Bf1 f5 30. b5 f4 31. bxc6 bxc6 32. Qb7 g5 33. Be7 Qd4 34. Qb6 g4
35. Bxd8 Rxd8 36. Qxd4 Rxd4 37. hxg4 1/2-1/2

[Event "2. Bundesliga Ost 2015/2016"]
[Site "Wien"]
[Date "2015.10.17"]
[Round "1"]
[Board "5"]
[White "Salamon, Werner"]
[Black "Prager, Manfred"]
[Result "1-0"]
[WhiteElo "2130"]
[BlackElo "2004"]
[PlyCount "57"]
[EventDate "2015.10.17"]
[EventType "team"]
[EventRounds "11"]
[EventCountry "AUT"]
[WhiteTeam "ASVOE Mattersburg"]
[BlackTeam "SK Hietzing"]

1. e4 c5 2. c3 d5 3. exd5 Qxd5 4. d4 Nf6 5. Nf3 Nc6 6. Be2 e6 7. O-O Be7 8. Be3
cxd4 9. Nxd4 e5 10. Bf3 e4 11. Be2 a6 12. Nd2 O-O 13. Nc4 Bc5 14. Nxc6 Qxc6 15.
Bxc5 Qxc5 16. Qd6 Qxd6 17. Nxd6 Bd7 18. Rfd1 Bc6 19. Rd4 Rad8 20. Rad1 Rb8 21.
g4 h6 22. h4 g6 23. Kh2 Kg7 24. Kg3 Rbd8 25. Nf5+ gxf5 26. Rxd8 Rxd8 27. Rxd8
fxg4 28. Bxg4 Nd5 29. Bd7 1-0

[Event "2. Bundesliga Ost 2015/2016"]
[Site "Wien"]
[Date "2015.10.17"]
[Round "1"]
[Board "6"]
[White "Stadler, Peter"]
[Black "Savio, Alfred Jun."]
[Result "1/2-1/2"]
[WhiteElo "2142"]
[BlackElo "2036"]
[PlyCount "48"]
[EventDate "2015.10.17"]
[EventType "team"]
[EventRounds "11"]
[EventCountry "AUT"]
[WhiteTeam "SK Hietzing"]
[BlackTeam "ASVOE Mattersburg"]

1. Nf3 Nf6 2. d4 d5 3. c4 e6 4. Nc3 Be7 5. Bg5 Nbd7 6. e3 O-O 7. cxd5 exd5 8.
Bd3 c6 9. O-O h6 10. Bf4 Re8 11. Rc1 Nf8 12. Ne5 Be6 13. g4 N8d7 14. f3 Nxe5
15. Bxe5 Bd6 16. h3 Bxe5 17. dxe5 d4 18. exf6 dxc3 19. Rxc3 Qxf6 20. a3 Rab8
21. Rc2 Ra8 22. Rc3 Rab8 23. Rc2 Ra8 24. Rc3 Rab8 1/2-1/2

[Event "2. Bundesliga Ost 2015/2016"]
[Site "Wien"]
[Date "2015.10.17"]
[Round "1"]
[Board "1"]
[White "Chytilek, Roman"]
[Black "Stanec, Nikolaus"]
[Result "1/2-1/2"]
[WhiteElo "2345"]
[BlackElo "2457"]
[PlyCount "70"]
[EventDate "2015.10.17"]
[EventType "team"]
[EventRounds "11"]
[EventCountry "AUT"]
[WhiteTeam "SV Stockerau"]
[BlackTeam "SC Donaustadt"]

1. d4 Nf6 2. c4 e6 3. Nf3 d5 4. Nc3 Nbd7 5. cxd5 exd5 6. Bf4 c6 7. Rc1 Be7 8.
h3 O-O 9. e3 Re8 10. Bd3 Nf8 11. Qc2 Ng6 12. Bh2 Bd6 13. Bxd6 Qxd6 14. O-O Bd7
15. b4 Rac8 16. Nd2 Nh4 17. Rfe1 Rcd8 18. b5 Rc8 19. Qb1 Ng6 20. bxc6 Bxc6 21.
Nb5 Qb8 22. Qb4 Bxb5 23. Qxb5 Rxc1 24. Rxc1 Rc8 25. Qb2 Nf8 26. Nb3 b6 27. Rc3
g6 28. Qc1 Rxc3 29. Qxc3 Ne6 30. Bb5 Qc7 31. Qxc7 Nxc7 32. Bd3 Nfe8 33. Kf1 Nd6
34. Nd2 f6 35. Ke1 Kf7 1/2-1/2

[Event "2. Bundesliga Ost 2015/2016"]
[Site "Wien"]
[Date "2015.10.17"]
[Round "1"]
[Board "2"]
[White "Pingitzer, Harald"]
[Black "Groetz, Harald"]
[Result "1-0"]
[WhiteElo "2304"]
[BlackElo "2282"]
[PlyCount "81"]
[EventDate "2015.10.17"]
[EventType "team"]
[EventRounds "11"]
[EventCountry "AUT"]
[WhiteTeam "SC Donaustadt"]
[BlackTeam "SV Stockerau"]

1. c4 c5 2. Nf3 Nf6 3. g3 b6 4. Bg2 Bb7 5. O-O e6 6. Nc3 Be7 7. d3 O-O 8. a3 d5
9. cxd5 exd5 10. e3 Nc6 11. Re1 Re8 12. b3 d4 13. exd4 Nxd4 14. Nxd4 Bxg2 15.
Ne6 fxe6 16. Kxg2 Qd7 17. Qe2 Rad8 18. Bb2 Bf8 19. Rad1 g6 20. Ne4 Nxe4 21.
dxe4 Qc6 22. h4 Bg7 23. Bxg7 Kxg7 24. Qb2+ Kg8 25. Qe5 Rd7 26. h5 Qc7 27. Qg5
Qd8 28. Qg4 Kg7 29. hxg6 hxg6 30. Rxd7+ Qxd7 31. Rh1 Qe7 32. Qh3 Kf7 33. Qh7+
Kf6 34. e5+ Kxe5 35. Qxg6 Qb7+ 36. f3 Rf8 37. Re1+ Kd4 38. Re4+ Kc3 39. Qxe6 b5
40. Qe5+ Kxb3 41. Qxc5 1-0

[Event "2. Bundesliga Ost 2015/2016"]
[Site "Wien"]
[Date "2015.10.17"]
[Round "1"]
[Board "3"]
[White "Stanivukovic, Drago"]
[Black "Schwab, Rene"]
[Result "0-1"]
[WhiteElo "1928"]
[BlackElo "2214"]
[PlyCount "116"]
[EventDate "2015.10.17"]
[EventType "team"]
[EventRounds "11"]
[EventCountry "AUT"]
[WhiteTeam "SV Stockerau"]
[BlackTeam "SC Donaustadt"]

1. e4 c6 2. Nf3 d5 3. e5 Bg4 4. h3 Bxf3 5. Qxf3 e6 6. d4 Qb6 7. c3 Nd7 8. a4 a5
9. Qd3 Ne7 10. Be2 c5 11. Qb5 Nc6 12. Qxb6 Nxb6 13. Bb5 cxd4 14. cxd4 Bb4+ 15.
Bd2 Ke7 16. Bxc6 bxc6 17. Bxb4+ axb4 18. b3 c5 19. dxc5 Nd7 20. O-O Nxe5 21.
Nd2 Rhc8 22. Rfe1 Nd7 23. Re3 Rxc5 24. Rg3 g6 25. Rg4 Rb8 26. a5 Ne5 27. Rh4 h5
28. a6 Nc6 29. Ra4 Rcb5 30. Nf3 R5b6 31. Nd4 Kd6 32. Nxc6 Kxc6 33. Rf4 f5 34.
Rf3 e5 35. Re3 e4 36. Re1 Ra8 37. Rc1+ Kb5 38. a7 Rb7 39. Rca1 d4 40. Ra6 Rb6
41. R6a5+ Kc6 42. Re5 Kd6 43. Rea5 d3 44. Kf1 Rc6 45. Ke1 Ke7 46. Kd2 Rc2+ 47.
Ke3 Re2+ 48. Kf4 d2 49. Rb5 Re1 50. Rb7+ Kd8 51. Rb8+ Kc7 52. Rxe1 dxe1=Q 53.
Rxa8 Qxf2+ 54. Ke5 Qg3+ 55. Kf6 Qd6+ 56. Kg5 Kb7 57. Rg8 Kxa7 58. Rg7+ Kb8 0-1

[Event "2. Bundesliga Ost 2015/2016"]
[Site "Wien"]
[Date "2015.10.17"]
[Round "1"]
[Board "4"]
[White "Schwab, Lukas"]
[Black "Schmid, Thomas"]
[Result "0-1"]
[WhiteElo "2155"]
[BlackElo "2123"]
[PlyCount "104"]
[EventDate "2015.10.17"]
[EventType "team"]
[EventRounds "11"]
[EventCountry "AUT"]
[WhiteTeam "SC Donaustadt"]
[BlackTeam "SV Stockerau"]

1. e4 c5 2. Nf3 d6 3. d4 cxd4 4. Nxd4 Nf6 5. Nc3 a6 6. f4 e5 7. Nf3 Nbd7 8. a4
Be7 9. Bd3 O-O 10. O-O exf4 11. Kh1 Nh5 12. Nd5 Ndf6 13. Nxf4 Nxf4 14. Bxf4 Nh5
15. Be3 Bg4 16. Qd2 Rc8 17. c3 Nf6 18. Nd4 Nd7 19. Nf5 Ne5 20. Bd4 Bg5 21. Qc2
Re8 22. Ne3 Bxe3 23. Bxe3 Qe7 24. Rf4 Bh5 25. Re1 Nxd3 26. Qxd3 Bg6 27. Bf2 Qe6
28. Bg3 Rc4 29. b3 Rxe4 30. Rfxe4 Bxe4 31. Qxd6 Qxd6 32. Bxd6 Bxg2+ 33. Kxg2
Rxe1 34. Bc5 f5 35. b4 Re4 36. a5 Kf7 37. Kf3 Ke6 38. Bf8 g6 39. Bg7 Kd5 40.
Bf6 Kc4 41. Kf2 Kd3 42. Kf3 g5 43. Kg3 h5 44. Kf3 g4+ 45. Kf2 f4 46. Kg2 Re2+
47. Kg1 f3 48. Bd4 Rc2 49. Be5 Rxc3 50. Kf2 Rc2+ 51. Kg3 Rg2+ 52. Kh4 f2 0-1

[Event "2. Bundesliga Ost 2015/2016"]
[Site "Wien"]
[Date "2015.10.17"]
[Round "1"]
[Board "5"]
[White "Gajic, Zoran"]
[Black "Karlusch, Albrecht"]
[Result "1/2-1/2"]
[WhiteElo "2063"]
[BlackElo "2119"]
[PlyCount "65"]
[EventDate "2015.10.17"]
[EventType "team"]
[EventRounds "11"]
[EventCountry "AUT"]
[WhiteTeam "SV Stockerau"]
[BlackTeam "SC Donaustadt"]

1. e4 e6 2. Nf3 d5 3. exd5 exd5 4. d4 Bd6 5. Bd3 Nc6 6. h3 Nge7 7. O-O Bf5 8.
Bxf5 Nxf5 9. Qd3 Qd7 10. Re1+ Nfe7 11. Nc3 O-O 12. a3 a6 13. Kh1 Rfe8 14. Be3
h6 15. Re2 b5 16. Rae1 Na5 17. Bc1 Nc4 18. Nb1 Ng6 19. b3 Nb6 20. Ne5 Nxe5 21.
dxe5 Bf8 22. f4 c5 23. Nc3 d4 24. Ne4 Kh8 25. Rd1 Rad8 26. Qf3 Qd5 27. Kh2 Rd7
28. g3 c4 29. Red2 d3 30. cxd3 c3 31. Rc2 f5 32. Ng5 Qxb3 33. Rg2 1/2-1/2

[Event "2. Bundesliga Ost 2015/2016"]
[Site "Wien"]
[Date "2015.10.17"]
[Round "1"]
[Board "6"]
[White "Sekyra, Michael"]
[Black "Riegler, Rene"]
[Result "1-0"]
[WhiteElo "2060"]
[BlackElo "2010"]
[PlyCount "89"]
[EventDate "2015.10.17"]
[EventType "team"]
[EventRounds "11"]
[EventCountry "AUT"]
[WhiteTeam "SC Donaustadt"]
[BlackTeam "SV Stockerau"]

1. e4 e6 2. d4 d5 3. Nd2 Nf6 4. e5 Nfd7 5. Bd3 c5 6. c3 Nc6 7. Ne2 cxd4 8. cxd4
f6 9. Nf4 Nxd4 10. Qh5+ Ke7 11. Ng6+ hxg6 12. exf6+ Nxf6 13. Qxh8 Kf7 14. Qh4
e5 15. Nf3 Nxf3+ 16. gxf3 Bf5 17. Bxf5 gxf5 18. Bg5 Be7 19. O-O-O Qb6 20. Rhe1
Rc8+ 21. Kb1 Rc4 22. Qh3 Qe6 23. b3 Rc6 24. Bc1 Nd7 25. Qh5+ Kf8 26. Bb2 Bf6
27. Qh8+ Kf7 28. Qa8 Nc5 29. Qxa7 e4 30. Rc1 Bxb2 31. Rxc5 Rxc5 32. Qxc5 Bf6
33. fxe4 fxe4 34. Rd1 d4 35. Rxd4 Bxd4 36. Qxd4 Qf5 37. Kb2 Ke6 38. Qb6+ Kf7
39. Qxb7+ Kg8 40. Qb8+ Kf7 41. Qg3 Qf6+ 42. Kc2 Qc6+ 43. Kd2 Qd5+ 44. Ke3 g5
45. Qc7+ 1-0

[Event "2. Bundesliga Ost 2015/2016"]
[Site "Wien"]
[Date "2015.10.18"]
[Round "2"]
[Board "1"]
[White "Jankovic, Alojzije"]
[Black "Stanec, Nikolaus"]
[Result "1/2-1/2"]
[WhiteElo "2559"]
[BlackElo "2457"]
[PlyCount "95"]
[EventDate "2015.10.17"]
[EventType "team"]
[EventRounds "11"]
[EventCountry "AUT"]
[WhiteTeam "SK Advisory Invest Baden"]
[BlackTeam "SC Donaustadt"]

1. d4 d5 2. c4 e6 3. Nc3 Nf6 4. Bf4 Bd6 5. Bg3 O-O 6. e3 c5 7. Nf3 Nc6 8. a3
cxd4 9. exd4 Re8 10. Bxd6 Qxd6 11. c5 Qe7 12. Bb5 e5 13. O-O e4 14. Bxc6 bxc6
15. Ne5 Qb7 16. b4 Nd7 17. f4 exf3 18. Nxf3 Nf8 19. Qd3 Bd7 20. Rab1 a6 21. a4
f6 22. Rb3 Ne6 23. Qd2 Nc7 24. h3 Re7 25. Re1 Rxe1+ 26. Qxe1 Re8 27. Qd2 Qc8
28. Qf4 Ne6 29. Qd6 Qc7 30. b5 Qxd6 31. cxd6 axb5 32. axb5 cxb5 33. Nxd5 Rb8
34. Ra3 Rb7 35. Nb4 Rb6 36. d5 Nc5 37. Ra7 Rxd6 38. Nd4 Ne4 39. Ra8+ Kf7 40.
Ra7 Kg6 41. Rc7 f5 42. Kf1 f4 43. Ke2 Nf6 44. Kf3 Kh6 45. Rb7 g5 46. Nxb5 Bxb5
47. Rxb5 Kg6 48. h4 1/2-1/2

[Event "2. Bundesliga Ost 2015/2016"]
[Site "Wien"]
[Date "2015.10.18"]
[Round "2"]
[Board "2"]
[White "Pingitzer, Harald"]
[Black "Sharashenidze, Akaki"]
[Result "1/2-1/2"]
[WhiteElo "2304"]
[BlackElo "2321"]
[PlyCount "61"]
[EventDate "2015.10.17"]
[EventType "team"]
[EventRounds "11"]
[EventCountry "AUT"]
[WhiteTeam "SC Donaustadt"]
[BlackTeam "SK Advisory Invest Baden"]

1. Nf3 d5 2. d4 c6 3. c4 Nf6 4. Nc3 a6 5. e3 b5 6. cxd5 cxd5 7. Be2 e6 8. O-O
Bd6 9. Bd2 O-O 10. a3 Ne4 11. Ne1 Nd7 12. Nd3 Bb7 13. a4 Nxd2 14. Qxd2 b4 15.
Na2 a5 16. Rac1 Qb6 17. b3 Rac8 18. Rxc8 Rxc8 19. Rc1 Rc7 20. g3 Rc6 21. Rxc6
Qxc6 22. Qc1 Kf8 23. Qxc6 Bxc6 24. Nac1 f6 25. f4 h6 26. h4 g5 27. hxg5 hxg5
28. Kg2 Ke7 29. Bg4 gxf4 30. gxf4 Bb7 31. Be2 1/2-1/2

[Event "2. Bundesliga Ost 2015/2016"]
[Site "Wien"]
[Date "2015.10.18"]
[Round "2"]
[Board "3"]
[White "Juenger, Heinz"]
[Black "Schwab, Rene"]
[Result "1/2-1/2"]
[WhiteElo "2123"]
[BlackElo "2214"]
[PlyCount "62"]
[EventDate "2015.10.17"]
[EventType "team"]
[EventRounds "11"]
[EventCountry "AUT"]
[WhiteTeam "SK Advisory Invest Baden"]
[BlackTeam "SC Donaustadt"]

1. e4 c6 2. d4 d5 3. Nd2 dxe4 4. Nxe4 Nf6 5. Nxf6+ gxf6 6. Nf3 Bg4 7. Be2 Qc7
8. O-O e6 9. c4 Bd6 10. c5 Be7 11. Be3 Bxf3 12. Bxf3 Nd7 13. b4 Rd8 14. Qb3 f5
15. g3 Rg8 16. Kh1 Nf6 17. b5 Nd5 18. bxc6 bxc6 19. Bd2 Bg5 20. Bxg5 Rxg5 21.
Rab1 Rg7 22. Rfe1 Ne7 23. Qb7 Kd7 24. Re3 Rgg8 25. Ra3 Ra8 26. Ra6 Rgc8 27.
Rxc6 Nxc6 28. Bxc6+ Kd8 29. Qxc7+ Kxc7 30. Bxa8 Rxa8 31. Kg2 Rd8 1/2-1/2

[Event "2. Bundesliga Ost 2015/2016"]
[Site "Wien"]
[Date "2015.10.18"]
[Round "2"]
[Board "4"]
[White "Schwab, Lukas"]
[Black "Dzierzenga, Stefan"]
[Result "1/2-1/2"]
[WhiteElo "2155"]
[BlackElo "2186"]
[PlyCount "60"]
[EventDate "2015.10.17"]
[EventType "team"]
[EventRounds "11"]
[EventCountry "AUT"]
[WhiteTeam "SC Donaustadt"]
[BlackTeam "SK Advisory Invest Baden"]

1. e4 e6 2. d4 d5 3. Nd2 Nf6 4. e5 Nfd7 5. Bd3 c5 6. c3 Nc6 7. Ne2 cxd4 8. cxd4
f6 9. exf6 Nxf6 10. O-O Bd6 11. Nf3 Qc7 12. Bg5 O-O 13. Bh4 Nh5 14. Qc2 h6 15.
Bh7+ Kh8 16. Bg6 Rxf3 17. Bxh5 Rf8 18. Bg3 Bd7 19. Rac1 Rf6 20. Qd2 Be8 21.
Bxe8 Rxe8 22. Bxd6 Qxd6 23. f4 Qd8 24. Rc3 Rff8 25. Rcf3 Qf6 26. Rd1 Rc8 27.
Nc3 Ne7 28. Re1 Nf5 29. Rd3 Rc4 30. Re5 Nh4 1/2-1/2

[Event "2. Bundesliga Ost 2015/2016"]
[Site "Wien"]
[Date "2015.10.18"]
[Round "2"]
[Board "5"]
[White "Herndlbauer, Martin"]
[Black "Karlusch, Albrecht"]
[Result "0-1"]
[WhiteElo "2084"]
[BlackElo "2119"]
[PlyCount "58"]
[EventDate "2015.10.17"]
[EventType "team"]
[EventRounds "11"]
[EventCountry "AUT"]
[WhiteTeam "SK Advisory Invest Baden"]
[BlackTeam "SC Donaustadt"]

1. d4 d5 2. c4 c6 3. Nf3 Nf6 4. e3 e6 5. Nc3 Bd6 6. Bd3 Nbd7 7. O-O dxc4 8.
Bxc4 b5 9. Bd3 a6 10. Qe2 Bb7 11. Rd1 Qe7 12. b3 O-O 13. Bb2 Rfc8 14. Rac1 c5
15. Nb1 e5 16. dxe5 Nxe5 17. Nxe5 Bxe5 18. Bxe5 Qxe5 19. Nd2 g6 20. f4 Qe6 21.
e4 Rc7 22. Rf1 Rd8 23. e5 Qc6 24. Rf2 Rcd7 25. exf6 Rxd3 26. Nf3 Qxf6 27. f5
Bxf3 28. Rxf3 Rd2 29. Qe3 Qb2 0-1

[Event "2. Bundesliga Ost 2015/2016"]
[Site "Wien"]
[Date "2015.10.18"]
[Round "2"]
[Board "6"]
[White "Sekyra, Michael"]
[Black "Trippold, Denise"]
[Result "0-1"]
[WhiteElo "2060"]
[BlackElo "1982"]
[PlyCount "135"]
[EventDate "2015.10.17"]
[EventType "team"]
[EventRounds "11"]
[EventCountry "AUT"]
[WhiteTeam "SC Donaustadt"]
[BlackTeam "SK Advisory Invest Baden"]

1. e4 c5 2. Nf3 e6 3. d4 cxd4 4. Nxd4 Nc6 5. Nc3 Qc7 6. Be3 a6 7. Qd2 Nf6 8. f3
Ne5 9. Bf4 Bb4 10. a3 Be7 11. O-O-O d6 12. g4 b5 13. g5 Nfd7 14. h4 Nb6 15.
Ndxb5 axb5 16. Nxb5 Qc5 17. Nxd6+ Bxd6 18. Qxd6 Qxd6 19. Rxd6 Nbd7 20. Bb5 Ke7
21. Rhd1 Ra7 22. Bg3 f6 23. Be2 Nf7 24. Rc6 Nde5 25. Rc3 Rd8 26. Rxd8 Kxd8 27.
f4 Nd7 28. Bc4 Nd6 29. Bxe6 Nxe4 30. Re3 Nxg3 31. Rxg3 Ke7 32. Re3 Kd6 33. Bg8
fxg5 34. hxg5 Nc5 35. Bxh7 Rf7 36. b4 Ne6 37. Rd3+ Ke7 38. Rc3 Bd7 39. f5 Nxg5
40. Re3+ Kf6 41. Bg8 Re7 42. Kd2 Ne4+ 43. Kd3 Bxf5 44. Kd4 Rd7+ 45. Bd5 Ng5 46.
c4 Ne6+ 47. Kc3 Nf4 48. Bc6 Rc7 49. b5 Bd7 50. Bxd7 Nd5+ 51. Kd4 Nxe3 52. Bc6
Nc2+ 53. Kc5 Nxa3 54. Kd5 Ke7 55. c5 Nc2 56. Kc4 Ne3+ 57. Kd3 Rxc6 58. bxc6 Nd5
59. Ke4 Ke6 60. Kd4 g5 61. Ke4 Nc7 62. Ke3 Kf5 63. Kf3 g4+ 64. Kg3 Kg5 65. Kg2
Kf4 66. Kf2 g3+ 67. Kg2 Kg4 68. Kf1 0-1

[Event "2. Bundesliga Ost 2015/2016"]
[Site "Wien"]
[Date "2015.10.18"]
[Round "2"]
[Board "1"]
[White "Polak, Tomas"]
[Black "Chytilek, Roman"]
[Result "1/2-1/2"]
[WhiteElo "2525"]
[BlackElo "2345"]
[PlyCount "71"]
[EventDate "2015.10.17"]
[EventType "team"]
[EventRounds "11"]
[EventCountry "AUT"]
[WhiteTeam "SK Hietzing"]
[BlackTeam "SV Stockerau"]

1. Nf3 g6 2. c4 Bg7 3. Nc3 c5 4. d4 cxd4 5. Nxd4 Nc6 6. Nb3 b6 7. g3 Bb7 8. Bg2
Qc8 9. c5 Nf6 10. O-O Ne5 11. e4 Ba6 12. f4 Bxf1 13. fxe5 Bxg2 14. exf6 Bxf6
15. Kxg2 Bxc3 16. bxc3 bxc5 17. Qd5 Qc6 18. Qxc6 dxc6 19. Be3 O-O 20. Bxc5 Rfd8
21. Nd4 Rac8 22. Bxe7 Re8 23. Bf6 Rxe4 24. Rb1 c5 25. Nc6 Rce8 26. Rb7 Re2+ 27.
Kh3 Rxa2 28. Ne5 Ra6 29. Ng4 Kf8 30. Be5 Rae6 31. Nh6 R8e7 32. Rb8+ Re8 33. Rb7
R8e7 34. Rb8+ Re8 35. Rb7 R8e7 36. Rb8+ 1/2-1/2

[Event "2. Bundesliga Ost 2015/2016"]
[Site "Wien"]
[Date "2015.10.18"]
[Round "2"]
[Board "2"]
[White "Groetz, Harald"]
[Black "Penz, Harald"]
[Result "1/2-1/2"]
[WhiteElo "2282"]
[BlackElo "2329"]
[PlyCount "130"]
[EventDate "2015.10.17"]
[EventType "team"]
[EventRounds "11"]
[EventCountry "AUT"]
[WhiteTeam "SV Stockerau"]
[BlackTeam "SK Hietzing"]

1. e4 e5 2. Nf3 Nf6 3. Nxe5 d6 4. Nf3 Nxe4 5. d4 d5 6. Bd3 Nc6 7. O-O Be7 8. c4
Nb4 9. Be2 dxc4 10. Bxc4 O-O 11. Nc3 Nd6 12. Be2 c6 13. a3 Nd5 14. Nxd5 cxd5
15. Qb3 Be6 16. Bf4 Qb6 17. Qxb6 axb6 18. Bxd6 Bxd6 19. g3 Bf5 20. Rac1 Rfc8
21. Nh4 Be6 22. f4 Be7 23. Nf3 Bf5 24. Kf2 Kf8 25. Bb5 f6 26. Ng1 Rxc1 27. Rxc1
Rc8 28. Rxc8+ Bxc8 29. Ne2 Bd8 30. Bd3 g6 31. f5 gxf5 32. Nf4 Kf7 33. Nxd5 Kg6
34. g4 Kg5 35. gxf5 Kg4 36. Ne3+ Kf4 37. h3 Bd7 38. Ng2+ Kg5 39. Be4 Bc7 40.
Kf3 Bh2 41. Ne3 Bg1 42. Bxb7 h5 43. Be4 Kh4 44. Ng2+ Kxh3 45. Nf4+ Kh4 46. Ne6
Bh2 47. Nf8 Ba4 48. Bd3 Bc6+ 49. Be4 Ba4 50. b4 Bd6 51. Ne6 Bd7 52. Nf4 Bc7 53.
Nd5 Bd8 54. Nf4 Bc7 55. d5 Bd6 56. Ne2 Be5 57. Bc2 Kg5 58. a4 Bxf5 59. Bxf5
Kxf5 60. a5 bxa5 61. bxa5 Bc7 62. a6 Bb6 63. Nc3 Ke5 64. Kg3 f5 65. Ne2 Kxd5
 1/2-1/2

[Event "2. Bundesliga Ost 2015/2016"]
[Site "Wien"]
[Date "2015.10.18"]
[Round "2"]
[Board "3"]
[White "Todor, Razvan"]
[Black "Stanivukovic, Drago"]
[Result "1-0"]
[WhiteElo "2153"]
[BlackElo "1928"]
[PlyCount "74"]
[EventDate "2015.10.17"]
[EventType "team"]
[EventRounds "11"]
[EventCountry "AUT"]
[WhiteTeam "SK Hietzing"]
[BlackTeam "SV Stockerau"]

1. c4 e5 2. g3 g6 3. Bg2 Bg7 4. Nc3 Ne7 5. d3 O-O 6. e3 c6 7. Qb3 Na6 8. Nge2
Nc5 9. Qc2 a5 10. d4 exd4 11. exd4 Ne6 12. d5 Nd4 13. Nxd4 Bxd4 14. Bg5 f6 15.
Bf4 d6 16. O-O Bf5 17. Qd2 Bxc3 18. Qxc3 cxd5 19. cxd5 g5 20. Be3 Rc8 21. Qa3
b5 22. Bd4 Rc4 23. Qe3 Bd7 24. Bb6 Qe8 25. b3 Rc2 26. Rfe1 Rf7 27. Be4 Rc8 28.
Bxa5 Ra8 29. Bb4 Qb8 30. Qd3 f5 31. Bg2 Qb6 32. Re6 Nc8 33. a3 Ra6 34. Rae1 Qd8
35. Qe2 Bxe6 36. dxe6 Rg7 37. Qxb5 Qb6 1-0

[Event "2. Bundesliga Ost 2015/2016"]
[Site "Wien"]
[Date "2015.10.18"]
[Round "2"]
[Board "4"]
[White "Gajic, Zoran"]
[Black "Prager, Manfred"]
[Result "1/2-1/2"]
[WhiteElo "2063"]
[BlackElo "2004"]
[PlyCount "107"]
[EventDate "2015.10.17"]
[EventType "team"]
[EventRounds "11"]
[EventCountry "AUT"]
[WhiteTeam "SV Stockerau"]
[BlackTeam "SK Hietzing"]

1. e4 c5 2. Nf3 d6 3. d4 cxd4 4. Nxd4 Nf6 5. Nc3 a6 6. a4 e6 7. Be2 Be7 8. O-O
O-O 9. Be3 Qc7 10. a5 Nbd7 11. f4 Nc5 12. Bf3 e5 13. Nde2 Be6 14. g3 Bc4 15.
Kh1 Rac8 16. Qe1 h6 17. h3 Qc6 18. Bxc5 Qxc5 19. Qf2 Bd8 20. Qxc5 Rxc5 21. Rfd1
Bxa5 22. Rxa5 Rxa5 23. Rxd6 Re8 24. f5 b5 25. b4 Ra3 26. Kg2 Rc8 27. Kf2 Bxe2
28. Nxe2 Rxc2 29. Rd8+ Kh7 30. Rf8 Raa2 31. Ke3 Ra3+ 32. Kf2 Rc4 33. Rxf7 Rxb4
34. Re7 Nxe4+ 35. Kg2 Nf6 36. Rxe5 Rbb3 37. Bb7 Re3 38. Re6 Rxe6 39. fxe6 b4
40. g4 b3 41. e7 b2 42. Be4+ g6 43. Nf4 Ra4 44. Bxg6+ Kg8 45. Nd5 Ne8 46. Bxe8
b1=Q 47. Bxa4 Qe4+ 48. Kf2 Qd4+ 49. Kg3 Qe5+ 50. Kf2 Qd4+ 51. Ke2 Qe4+ 52. Kf2
Qd4+ 53. Ke2 Qe4+ 54. Kf2 1/2-1/2